000 01283nam a2200325 i 4500
001 bg
003 BPK
005 20210805131129.0
008 981103s1985 pl a f |000 0 pol
015 _aPB 1986/8928
040 _aWA N
_cBPK
041 0 _apol
_beng
_bger
080 _a727.1/.4:378.16
080 _a625.7/.8
080 _a656.1/.5
080 _a711.4/.8
100 1 _aWehle-Strzelecka, Stanisława
_eAutor
245 1 0 _aProblemy komunikacji w kształtowaniu struktury przestrzennej wyższych uczelni /
_cStanisława Wehle-Strzelecka.
260 _aKraków :
_bPK,
_c1985.
300 _a176 s., [2] k. tabl. :
_bfot., rys. ;
_c24 cm.
490 1 _aMonografia / Politechnika Krakowska im. Tadeusza Kościuszki,
_x0860-097X ;
_v36.
504 _aBibliogr. s. 167-172.
546 _aStrescz. ang., niem.
650 4 _aKomunikacja
_xplanowanie przestrzenne.
650 4 _aSzkolnictwo wyższe
_xbudownictwo
_xplanowanie przestrzenne.
710 2 _aPolitechnika Krakowska im. Tadeusza Kościuszki
_4pbl.
830 0 _aMonografia - Politechnika Krakowska im. Tadeusza Kościuszki,
_v36.
856 _uhttp://koha.tu.koszalin.pl/cgi-bin/koha/opac-detail.pl?biblionumber=23468
_yKatalog online BPK
942 _2UKD
_cKS
999 _c23468
_d23468